| 000 | 00504pam a2200181a 44500 | ||
|---|---|---|---|
| 008 | 230405s2010-12-15 xxu||||| |||| 00| 0 eng d | ||
| 020 |
_a0750698527 _c$ 99.95 (Rs.5767.12) |
||
| 082 |
_a618.92683 _bSIN |
||
| 100 | _aSinger, Harvey S. | ||
| 245 | _aMovement Disorders in Childhood: Expert Consult | ||
| 250 | _a9th Ed. | ||
| 260 |
_aPhiladelphia _bSaunders _c2010-12-15 |
||
| 300 | _a279 p | ||
| 502 | _atext | ||
| 700 | _aGibert, Donald L. | ||
| 700 | _aMink, Jonathan W. | ||
| 906 | _a000055 | ||
| 999 |
_c248751 _d248751 |
||